00567nam a22001451a 4500020002100000040002600021082002300047100002300070245006100093260007300154300002000227852001000247999001700257952014700274 a0802805361c0.00 aNEGST Library - Kenya aBX 9422.2.D44 1991 aGruchy, John W de. aLiberating Reformed TheologycJohn W. de Gruchy h[Text] aGrand Rapids, MichiganbWilliam B. Eerdmans Publishing Companyc1991 axviii, 291p. ;  925.00 c31073d31073 00102lcc40708GENaCPLbCPLcGENd2009-09-24g25.00l1oBX 9422.2.D44 1991pR13552P3232r2024-12-18 12:45:05s2024-12-13t1w2009-09-24yBK